Hint or Answer? - Statistics

General Stats
  • This quiz has been taken 10 times
  • The average score is 50 of 60
Answer Stats
Answer % Correct
Answer
100%
Answer
100%
Answer
100%
HInt
100%
Hint
100%
Answer
90%
Answer
90%
Answer
90%
Answer
90%
Answer
90%
Answer
90%
Hint
90%
Hint
90%
Hint
90%
Hint
90%
Hint
90%
Hint
90%
Hint
90%
Answer
80%
Answer
80%
Answer
80%
Answer
80%
Answer
80%
Answer
80%
Answer
80%
Answer
80%
Answer
80%
Answer
80%
Answer
80%
Answer
80%
Answer
80%
Answer
80%
Answer
80%
Answer
80%
Answer
80%
Answer
80%
Answer
80%
Answer
80%
Answer
80%
HInt
80%
Hint
80%
Hint
80%
Hint
80%
Hint
80%
Hint
80%
Hint
80%
Hint
80%
Hint
80%
Hint
80%
Hint
80%
Hint
80%
Hint
80%
Hint
80%
Hint
80%
Hint
80%
Hint
80%
Hint
80%
Hint
80%
Hint
80%
Hint
80%
No matching quizzes found
Score Distribution
Percent of People with Each Score
Percentile by Number Answered
Your Score History
You have not taken this quiz